<?xml version="1.0" encoding="UTF-8"?>
<record
    xmlns:xsi="http://www.w3.org/2001/XMLSchema-instance"
    xsi:schemaLocation="http://www.loc.gov/MARC21/slim http://www.loc.gov/standards/marcxml/schema/MARC21slim.xsd"
    xmlns="http://www.loc.gov/MARC21/slim">

  <leader>00936nam a22001337a 4500</leader>
  <datafield tag="999" ind1=" " ind2=" ">
    <subfield code="c">533787</subfield>
    <subfield code="d">533787</subfield>
  </datafield>
  <controlfield tag="008">260624b           ||||| |||| 00| 0 eng d</controlfield>
  <datafield tag="100" ind1=" " ind2=" ">
    <subfield code="a">Datar, Ashok</subfield>
    <subfield code="9">61314</subfield>
  </datafield>
  <datafield tag="245" ind1=" " ind2=" ">
    <subfield code="a">Looking for public transport alternatives</subfield>
  </datafield>
  <datafield tag="260" ind1=" " ind2=" ">
    <subfield code="a">Economic &amp; Political Weekly  </subfield>
  </datafield>
  <datafield tag="300" ind1=" " ind2=" ">
    <subfield code="a">61(23), Jun 6, 2026: p.10-13</subfield>
  </datafield>
  <datafield tag="520" ind1=" " ind2=" ">
    <subfield code="a">For 15 years, Indian cities have favoured metros while neglecting buses, despite buses being cheaper, faster to implement, space-efficient, and delivering far higher ridership per investment. Most metro lines operate far below the 20,000-per-hour threshold that justifies them, leading to high costs, losses and fares. Successful bus lanes in Indian and global cities show buses offer similar comfort and speed at a fraction of the cost. &#x2013; Reproduced 

https://www.epw.in/journal/2026/23/alternative-standpoint/looking-public-transport-alternatives.html
</subfield>
  </datafield>
  <datafield tag="773" ind1=" " ind2=" ">
    <subfield code="a">Economic &amp; Political Weekly  </subfield>
  </datafield>
  <datafield tag="942" ind1=" " ind2=" ">
    <subfield code="c">AR</subfield>
  </datafield>
  <datafield tag="952" ind1=" " ind2=" ">
    <subfield code="0">0</subfield>
    <subfield code="1">0</subfield>
    <subfield code="2">ddc</subfield>
    <subfield code="4">0</subfield>
    <subfield code="7">0</subfield>
    <subfield code="9">408967</subfield>
    <subfield code="a">IIPA</subfield>
    <subfield code="b">IIPA</subfield>
    <subfield code="d">2026-06-24</subfield>
    <subfield code="h">61(23), Jun 6, 2026: p.10-13</subfield>
    <subfield code="p">AR139249</subfield>
    <subfield code="r">2026-06-24</subfield>
    <subfield code="y">AR</subfield>
  </datafield>
</record>
